| 000 | 00389nam a2200145Ia 4500 | ||
|---|---|---|---|
| 008 | 210210b1998 xxu||||| |||| 00| 0 eng d | ||
| 082 | _a620.803 SIND | ||
| 100 | _aSINGH (B D). | ||
| 245 | _aDictionary of planet biotechnology. | ||
| 260 |
_aLudhiana _bKalyani Pub. _c1998 |
||
| 300 | _axiii,129 | ||
| 650 | _aDictionary Plant Biotechnology | ||
| 690 | _aBiotechnology | ||
| 906 | _a058737 | ||
| 999 |
_c105889 _d105889 |
||